[Event "Régionale 1 - Doncourt - EFE"]
[Site "?"]
[Date "2006.10.15"]
[Round "1.7"]
[White "Garnier, Mickaël"]
[Black "Becker, Pierre"]
[Result "0-1"]
[WhiteElo "1330"]
[BlackElo "1810"]
[PlyCount "112"]
[SourceDate "2006.10.14"]

1. e4 e5 2. Nf3 Nf6 3. Nxe5 d6 4. Nf3 Nxe4 5. d3 Nf6 6. Nc3 Be7 7. Be2 O-O 8.
O-O h6 9. Re1 Re8 10. Bd2 c6 11. Qc1 Bf8 12. Bf1 Bg4 13. Rxe8 Qxe8 14. Be2 Nbd7
15. Qd1 Nb6 16. Be3 Nbd5 17. Nxd5 Nxd5 18. Qd2 c5 (18... Nxe3 19. Qxe3 Qxe3 20.
fxe3 Re8 21. e4 d5 22. e5 f6 23. d4 fxe5 24. dxe5 Bxf3 25. Bxf3 Rxe5) 19. a3
Nxe3 20. Qxe3 Qd7 21. Re1 Re8 22. Qd2 Be7 23. h3 Be6 24. d4 Qc7 25. dxc5 dxc5
26. Rd1 Rd8 27. Qe1 Bf6 28. Rxd8+ Qxd8 29. b3 Bf5 30. Qd1 Qa5 31. a4 Qc3 32.
Bd3 Be6 33. Qe2 Bd7 34. Qe4 Bc6 35. Qf4 Qa5 36. Qf5 Kf8 {Diagramme #} 37. Ne5
$4 (37. Bc4 Bxf3 38. Qxf3 Qe1+ 39. Kh2 Qe7 $11) 37... Qe1+ 38. Bf1 Qxe5 39.
Qxe5 Bxe5 40. f3 Bg3 41. Bd3 a6 42. Kf1 b5 43. axb5 Bxb5 44. Bxb5 axb5 45. Ke2
Ke7 46. Ke3 g5 47. Ke4 Ke6 48. c4 b4 49. Ke3 Ke5 50. Kd3 Bf2 51. g4 Kf4 52. Ke2
Bd4 53. Kf1 Kg3 54. f4 gxf4 55. h4 Kxg4 56. h5 Kg3 0-1

[Event "Régionale 1 - EFE - Metz Fischer V"]
[Site "?"]
[Date "2006.11.26"]
[Round "2.1"]
[White "Nolot, Vivien"]
[Black "Ezratti, André"]
[Result "1-0"]
[WhiteElo "2050"]
[BlackElo "1851"]
[PlyCount "75"]
[SourceDate "2006.10.14"]

1. e4 d6 2. d4 g6 3. c3 Bg7 4. Bd3 Nf6 5. f3 Nbd7 6. Ne2 c6 7. O-O e5 8. Nd2
O-O 9. f4 exf4 10. Nxf4 {Diagramme #} 10... c5 $6 (10... Nb6 11. b3 Bg4 12. Qe1
$16) 11. Nc4 cxd4 12. cxd4 Nb6 13. Qb3 d5 $5 (13... Nxc4 14. Qxc4 Re8 15. Ne2
d5 $11) 14. Nxb6 axb6 15. e5 Ne4 16. Qxd5 Qxd5 $5 (16... Ng5 17. Be3 Ne6 $16)
17. Nxd5 Ng3 $5 (17... f5 18. Nxb6 Rb8 19. Be3 Be6 20. d5 Bf7 21. Bd4 $16) 18.
Rf3 $5 (18. hxg3 Be6 19. Nf6+ Bxf6 20. Rxf6 Bxa2 $16) 18... Nf5 19. Bxf5 gxf5
20. Nxb6 Ra6 21. Nxc8 Rxc8 22. Bd2 Rc2 23. Bc3 Rg6 24. Rf2 Rxf2 25. Kxf2 Bh6
26. Rd1 Bf8 27. Rd3 b5 28. a3 f4 $5 29. Bd2 Rc6 30. Bxf4 b4 31. a4 Be7 32. Kf3
Rc2 33. Rd2 Rc1 34. d5 Bc5 35. d6 Rf1+ 36. Kg3 h5 37. d7 h4+ 38. Kg4 {
Diagramme #} 1-0

[Event "Régionale 1 - EFE - Metz Fischer V"]
[Site "?"]
[Date "2006.11.26"]
[Round "2.2"]
[White "Leclainche, Wlady"]
[Black "Baillot, Justin"]
[Result "0-1"]
[WhiteElo "1820"]
[BlackElo "1950"]
[PlyCount "64"]
[SourceDate "2006.10.14"]

1. d4 Nf6 2. Bg5 Ne4 3. Bf4 c5 4. f3 Nf6 5. d5 d6 6. e4 g6 7. Qd2 Bd7 8. c4 h6
9. Nc3 Na6 10. h4 Nc7 11. g4 a6 12. Nh3 {Diagramme #} 12... e5 $5 (12... Bg7
13. Qe3 b6 14. Bg2 h5 $11) 13. dxe6 Nxe6 14. e5 $5 (14. O-O-O Nd4 15. Be2 Be7
16. Kb1 b5 $16) 14... Nd4 15. O-O-O $2 Nxf3 16. Qe3 Nxe5 17. Bxe5 $5 (17. Be2
Be7 18. Nf2 $11) 17... Nxg4 18. Qe4 Nxe5 19. Bg2 Bc6 20. Nd5 Bg7 21. Nhf4 Qa5
22. Kb1 O-O-O 23. Ne7+ Kb8 24. Nxc6+ Nxc6 25. Rh3 Rhe8 26. Qd5 Re1 27. Rb3
Rxd1+ 28. Qxd1 Qc7 29. Nd5 Qd7 {Diagramme #} 30. Ne7 $5 (30. Qd2 Re8 31. Nf4
Qf5+ $17) 30... Na5 31. Rb6 $5 (31. Re3 $17) 31... Qxe7 32. a3 Ka7 0-1

[Event "Régionale 1 - EFE - Metz Fischer V"]
[Site "?"]
[Date "2006.11.26"]
[Round "2.3"]
[White "Martinez, Patrick"]
[Black "Hautcoeur, Damien"]
[Result "1-0"]
[WhiteElo "1980"]
[BlackElo "1699"]
[PlyCount "91"]
[SourceDate "2006.10.14"]

1. Nf3 g6 2. g3 Bg7 3. Bg2 Nf6 4. O-O O-O 5. c4 d6 6. d4 c5 7. Nc3 Na6 8. e4
Rb8 9. e5 Nd7 10. exd6 exd6 11. Bf4 {Diagramme #} 11... Nf6 $5 (11... cxd4 12.
Nxd4 Ne5 13. b3 $14) 12. dxc5 dxc5 13. Bxb8 Nxb8 14. Qxd8 Rxd8 15. Rad1 Nc6 16.
Rxd8+ Nxd8 17. Ne5 b6 18. Nc6 Nxc6 19. Bxc6 Be6 20. Nd5 Kf8 21. b3 Nd7 22. Nf4
Bf5 23. Bxd7 Bxd7 24. Rd1 Bc6 25. Nd5 Bd4 26. b4 Bd7 27. bxc5 bxc5 28. Rb1 Bf5
29. Rb8+ Kg7 30. Ra8 Bd3 31. Ne3 Bxe3 32. fxe3 Bxc4 33. Rxa7 Be6 34. Ra5 c4 35.
a3 Kf6 36. Rc5 Ke7 37. Kf2 Kd6 38. Ra5 Kc6 39. Ke2 Kb6 40. Re5 Ka6 41. Kd2 Kb6
42. Kc3 h6 43. Kb4 g5 44. Rxe6+ fxe6 45. Kxc4 Ka5 46. Kd4 {Diagramme #} 1-0

[Event "Régionale 1 - EFE - Metz Fischer V"]
[Site "?"]
[Date "2006.11.26"]
[Round "2.4"]
[White "Zimmer, Marc"]
[Black "Paturaux, Laurent"]
[Result "0-1"]
[WhiteElo "1720"]
[BlackElo "1880"]
[PlyCount "82"]
[SourceDate "2006.10.14"]

1. e4 d6 2. d4 g6 3. Nc3 Bg7 4. Be3 Nf6 5. Nf3 Nbd7 6. Qd2 O-O 7. Bh6 c5 8.
Bxg7 Kxg7 9. d5 a6 10. a4 b6 11. Be2 Bb7 12. O-O Qc7 13. Bc4 Ng4 14. h3 Nge5
15. Nxe5 Nxe5 16. Qe2 Bc8 17. f4 Nxc4 18. Qxc4 Bd7 19. b3 Qb7 20. Qd3 b5 21.
Qe3 b4 22. Ne2 e6 23. Qf3 Qc8 24. Rad1 Qc7 25. c4 exd5 26. exd5 Rae8 27. Rde1
Qd8 28. Qf2 Bf5 29. Ng3 Qf6 30. Nxf5+ Qxf5 31. Qf3 Qc2 32. Rc1 {Diagramme # (=)
} 32... Qe2 33. Qxe2 Rxe2 34. Rf2 Rfe8 35. Kf1 R2e3 36. Rb1 Kf6 37. Rf3 $4 (37.
a5 Rg3 38. f5 g5 39. Rfb2 Ree3 $16) 37... Rxf3+ 38. gxf3 Kf5 39. Kf2 Kxf4 40.
Rg1 h5 41. h4 Re3 0-1

[Event "Régionale 1 - EFE - Metz Fischer V"]
[Site "?"]
[Date "2006.11.26"]
[Round "2.5"]
[White "Becker, Pierre"]
[Black "Walkowiak, Mickaël"]
[Result "1/2-1/2"]
[WhiteElo "1810"]
[BlackElo "1790"]
[PlyCount "61"]
[SourceDate "2006.10.14"]

1. e4 e5 2. Nf3 Nc6 3. Bc4 Bc5 4. d3 d6 5. Ng5 Qf6 6. Bxf7+ Ke7 7. O-O h6 8.
Bxg8 (8. Nc3 hxg5 9. Nd5+ (9. Bxg8 Qh6 10. h3 Rxg8 11. Nd5+ Kd8 12. Qf3 Be6 $17
(12... Nd4 13. Qf7 Bd7 14. Qxg8+ $16)) 9... Kxf7 10. Nxf6 gxf6 11. c3 $16) (8.
Nc3 Nb4 9. a3 hxg5 10. axb4 Qh6 11. Qh5 Bxf2+ 12. Rxf2 Qxh5 13. Bxh5 Rxh5 14.
Nd5+ Kd7 15. Rf7+ Ke8 16. Rxg7 $18) (8. h4 Kf8 $11) (8. Qh5 g6 9. Qxg6 Qxg6 10.
Bxg6 hxg5 11. Bxg5+ Kf8 $17) 8... Rxg8 (8... hxg5 9. Bd5 Qh6 10. h3 Bxh3 11.
Qd2 Kf6 12. Bxc6 Bg4 13. Qxg5+ Qxg5 14. Bxg5+ Kxg5 15. b4 Bb6 16. Bxb7 Rab8 $17
) 9. Nc3 Kd8 10. Nf3 $5 (10. Qh5 Ne7 (10... hxg5 11. Bxg5) 11. Nf3 Qg6 12. Qxg6
Nxg6 13. Be3 Bxe3 14. fxe3 $16) (10. Nd5 Qg6 11. h4 (11. Nf3 Bg4 12. Be3 Rf8
13. Nh4 Qh5 14. f3 Bxe3+ 15. Nxe3 Bc8 16. Nhf5 $16) 11... Rb8 12. c3 hxg5 13.
Bxg5+ Kd7 14. b4 Bb6 15. b5 Nd8 $16) 10... Bg4 11. Nd5 Qg6 (11... Bxf3 12. gxf3
Qg6+ 13. Kh1 Ne7 14. Nxe7 Kxe7 $11) 12. Ne3 (12. Be3 Qh5 (12... Rf8 13. Nh4 Qh5
14. f3 Be6 15. Nf5 Rxf5 16. Bxc5 dxc5 17. exf5 Bxd5 18. c4 $17) 13. c3 Rf8 14.
Bxc5 Bxf3 15. gxf3 dxc5 16. f4 Qh3 17. fxe5 Nxe5 18. f4 Ng4 19. Qe2 c6 20. Rf3
Qh5 21. Rg3 Nf6 22. Qxh5 Nxh5 23. Rh3 Nxf4 24. Nxf4 Rxf4 $11) 12... Bxe3 13.
Bxe3 (13. fxe3 Kd7 14. Qe1 Raf8 15. Qg3 Nb4 16. Bd2 Nc6 17. Rf2 Qe6 18. c4 $16)
13... Rf8 {Diagramme #} 14. Kh1 $4 (14. Nh4 Qh5 15. f3 Be6 16. Qe1 Kd7 17. a4
Rae8 18. b4 a6 19. g4 Qf7 20. Qc3 (20. Nf5 Bxf5 21. exf5 Qd5 22. Qd2 $16) 20...
g5 21. Nf5 Bxf5 22. gxf5 Qg7 23. Kf2 $16) 14... Qh5 15. Qd2 Rxf3 16. Rg1 (16.
gxf3 Bxf3+ 17. Kg1 Qg4#) 16... Rf8 $5 17. f4 (17. d4 exd4 18. Bxd4 Nxd4 19.
Qxd4 $17) (17. f3 Be6 18. d4 exd4 19. Bxd4 Nxd4 20. Qxd4 $19) 17... Kd7 18. c3
(18. f5 g6 19. fxg6 Qxg6 20. Rgf1 h5 21. Rf2 Rf7 $17) 18... Rae8 19. b4 exf4
20. Bxf4 d5 21. b5 Ne7 22. c4 g5 $6 23. Bg3 b6 $5 (23... Nc8 24. cxd5 Nd6 25.
Rac1 $11) 24. cxd5 Ng6 25. Qc3 Nf4 $5 (25... Rc8 26. Rac1 Nf4 27. Qe5 $11) 26.
Qc6+ Kd8 27. d6 (27. Rac1 Rf7 28. Rgf1 Ref8 29. d6 cxd6 30. Qxd6+ Ke8 31. Qb8+
Ke7 32. Qe5+ Kd8 33. a4 $16) 27... cxd6 (27... Rf7 28. Rac1 cxd6 29. Qxd6+ Bd7
$11) 28. Qxd6+ Bd7 {Diagramme #} (28... Kc8 29. Rac1+ Kb7 30. Rc7+ Kb8 31. Rh7+
Ka8 32. Qc6+ Kb8 33. Qb7#) 29. Qb8+ $5 (29. Rac1 Rf7 30. Rgf1 Re6 31. Qb8+ Ke7
$17) 29... Ke7 30. Qe5+ (30. Qxa7 Ne2 31. Qa3+ Kf7 32. Rgf1+ Kg8 33. Be5 Rxf1+
(33... Rxe5 34. Qxf8+ $16) 34. Rxf1 g4 $11) 30... Kd8 (30... Kf7 31. Qc7 (31.
Qd6 Bxb5 32. Bxf4 gxf4 33. Raf1 Kg8 $17) 31... Re7 32. Qxa7 Qg6 33. Qa3 Re5 34.
Raf1 Kg8 35. Qb3+ Be6 36. Qb2 $11) 31. Qb8+ $11 1/2-1/2

[Event "Régionale 1 - EFE - Metz Fischer V"]
[Site "?"]
[Date "2006.11.26"]
[Round "2.6"]
[White "Pucher, Daniel"]
[Black "Pierrot, Philippe"]
[Result "1/2-1/2"]
[WhiteElo "1650"]
[BlackElo "1710"]
[PlyCount "50"]
[SourceDate "2006.10.14"]

1. Nf3 g6 2. d4 Bg7 3. c4 d6 4. Nc3 Nf6 5. e3 O-O 6. Bd3 c6 7. O-O Na6 8. a3 c5
9. d5 Nc7 10. e4 a6 11. Bf4 b5 12. e5 Nh5 13. Be3 bxc4 14. Bxc4 Rb8 15. Qd2 Nb5
16. a4 Nxc3 17. bxc3 {Diagramme #} 17... Bh8 $5 (17... dxe5 18. Ng5 Bb7 19. Ne4
e6 $11) 18. Rfe1 Qc7 19. Bh6 Ng7 $5 (19... Bg7 20. h3 f6 21. Qe3 a5 $14) 20. e6
f6 21. g4 $5 (21. a5 Re8 22. Qd3 Nf5 23. Bf4 Ra8 24. h4 $16) 21... Rb6 22. Qf4
Qb7 23. h4 f5 {Diagramme #} 24. Bd3 $4 (24. Ng5 Rf6 25. Nf7 fxg4 26. Qxg4 Rb2
27. Bc1 Rc2 $16) 24... fxg4 25. Qxg4 Qxd5 (25... Qxd5 26. Be4 Qxe6 27. Qg2 Qf6
28. Ng5 e6 29. Re3 $16) 1/2-1/2

[Event "Régionale 1 - EFE - Metz Fischer V"]
[Site "?"]
[Date "2006.11.26"]
[Round "2.7"]
[White "Nolot, Philippe"]
[Black "Rebours, Christian"]
[Result "1/2-1/2"]
[WhiteElo "1800"]
[BlackElo "1550"]
[PlyCount "75"]
[SourceDate "2006.10.14"]

1. e4 c5 2. Nf3 Nc6 3. d4 cxd4 4. Nxd4 Nf6 5. Nc3 a6 6. Bc4 g6 7. Be3 Bg7 8.
O-O O-O 9. f4 d6 10. Bd3 Ng4 11. Nxc6 bxc6 12. Qd2 Nxe3 13. Qxe3 c5 14. Kh1 Bb7
15. Rab1 Qc7 16. Nd5 Bxd5 17. exd5 a5 18. b3 Kh8 19. f5 Be5 $2 20. Qh6 Bg7 21.
Qh3 {Diagramme #} 21... Qd7 $5 (21... Kg8 22. fxg6 hxg6 23. Rbe1 $14) 22. g4 $5
(22. f6 Qxh3 23. fxg7+ Kxg7 24. gxh3 a4 25. Rbe1 axb3 26. axb3 Ra7 27. Kg2 $16)
22... Kg8 23. Rf3 Bf6 24. Qh6 Bg7 25. Qh4 h6 $2 (25... a4 26. fxg6 hxg6 27. Rh3
$16) 26. Re1 $2 (26. fxg6 fxg6 27. Rxf8+ Rxf8 28. Bxg6 $16) 26... g5 27. Qf2 $2
(27. Qh5 a4 28. Rfe3 Rfe8 29. R3e2 axb3 30. axb3 $16) 27... Be5 28. h4 f6 29.
Kg2 Kg7 30. Rh1 Rh8 {Diagramme # (=)} 31. a4 Qb7 32. Bc4 Rab8 33. Qe1 Qb6 34.
Rfh3 Qa7 35. Bb5 Qb6 36. Qe3 Qb7 37. Qd2 Qa7 38. Qe2 1/2-1/2

[Event "Régionale 1 - EFE - Metz Fischer V"]
[Site "?"]
[Date "2006.11.26"]
[Round "2.8"]
[White "Schneider, Marc"]
[Black "Kuhlemeier, Laurent"]
[Result "1/2-1/2"]
[WhiteElo "1560"]
[BlackElo "1760"]
[PlyCount "74"]
[SourceDate "2006.10.14"]

1. c4 c5 2. g3 Nf6 3. Nc3 Nc6 4. Bg2 e6 5. Nf3 Be7 6. O-O O-O 7. d3 d6 8. a3 b6
9. Rb1 Bb7 10. b4 Nd4 11. Nxd4 Bxg2 12. Kxg2 cxd4 13. Na2 Qd7 14. b5 d5 15. Qb3
dxc4 16. Qxc4 Rac8 17. Qb3 Nd5 18. Bd2 Rc7 19. Rfc1 Rfc8 20. Rxc7 Rxc7 21. a4
Qc8 22. Rc1 Rxc1 23. Nxc1 Nc3 24. e4 e5 25. Na2 Nxa2 26. Qxa2 Qc5 27. Qb3 Kf8
28. f4 f6 29. fxe5 fxe5 30. a5 Qa3 31. Qxa3 Bxa3 32. axb6 axb6 33. Kf3 Kf7 {
Diagramme # (=)} 34. Kg4 h6 35. Kf5 Bd6 36. Kg4 Kg6 37. h4 h5+ 1/2-1/2

[Event "Régionale 1 - Piennes - EFE"]
[Site "?"]
[Date "2006.12.10"]
[Round "3.1"]
[White "Pierrot, Fabrice"]
[Black "Martinez, Patrick"]
[Result "0-1"]
[WhiteElo "1700"]
[BlackElo "1980"]
[PlyCount "70"]
[SourceDate "2006.10.14"]

1. Nf3 c5 2. c4 Nc6 3. Nc3 Nf6 4. g3 e6 5. Bg2 Be7 6. O-O O-O 7. d4 d5 8. cxd5
exd5 9. e3 Bg4 10. dxc5 Bxc5 11. Qa4 Qd7 12. Nb5 {Diagramme #} 12... a6 $6 (
12... Rac8 13. b3 Bxf3 14. Bxf3 a6 15. Na3 b5 16. Qf4 $19) 13. Qc2 $6 Be7 (
13... Bxf3 14. Bxf3 Ne5 15. Be2 Qh3 16. Nd4 Rac8 17. Qf5 Nfg4 18. Bxg4 Nxg4 19.
Nf3 Rc6 $19) 14. Nbd4 Rac8 15. Qb3 Bd6 16. Bd2 Rfe8 17. a3 Bh3 $11 18. Rac1
Bxg2 19. Kxg2 Bc7 20. Qd3 Ne4 21. Nxc6 bxc6 22. Qxa6 Bd6 23. Bc3 Re6 24. Qd3
Rh6 25. h4 Re8 26. Qd4 f6 27. Nh2 g5 {Diagramme #} 28. Qd1 $6 (28. f3 gxh4 29.
Ng4 Rg6 30. Be1 h5 $19) 28... gxh4 29. Qg4+ Qxg4 30. Nxg4 Rg6 31. Kh3 f5 32.
Nh2 hxg3 33. fxg3 Rxg3+ 34. Kh4 Be7+ 35. Kh5 Rh3# 0-1

[Event "Régionale 1 - Piennes - EFE"]
[Site "?"]
[Date "2006.12.10"]
[Round "3.2"]
[White "Baillot, Justin"]
[Black "Pichot, Antoine"]
[Result "1-0"]
[WhiteElo "1950"]
[BlackElo "1499"]
[PlyCount "79"]
[SourceDate "2006.10.14"]

1. e4 Nf6 2. e5 Nd5 3. d4 d6 4. c4 Nb6 5. f4 dxe5 6. fxe5 Nc6 7. Be3 Bf5 8. Nf3
e6 9. Bd3 Bg4 10. Be2 Be7 11. O-O f6 12. b3 O-O 13. Nbd2 f5 14. a3 f4 15. Bf2
Rb8 16. b4 a6 17. Qb3 Kh8 18. d5 Nxe5 19. Bxb6 cxb6 20. Nxe5 Bxe2 21. Rfe1 Bh5
22. Qh3 Qe8 23. Ra2 {Diagramme #} 23... g6 $6 (23... Rf6 24. Kh1 Bd6 $11) 24.
Qxe6 Rd8 $6 (24... Bh4 25. Re4 Qxe6 26. dxe6 Rbe8 27. Ndf3 Bxf3 28. gxf3 $16)
25. Qxb6 Rf6 26. Qxb7 Rd7 $4 (26... Bf8 27. Ndf3 Bxf3 28. Nxf3 Qa4 $18) 27.
Qxd7 Qxd7 28. Nxd7 Rf7 29. c5 Bh4 30. Re8+ Kg7 31. Ne5 Rf5 32. Ndf3 Bxf3 33.
Nxf3 Bf6 34. Rd2 Bc3 35. Rd3 Bf6 36. c6 Kf7 37. Re2 g5 38. c7 g4 39. Nd2 f3 40.
gxf3 {Diagramme #} 1-0

[Event "Régionale 1 - Piennes - EFE"]
[Site "?"]
[Date "2006.12.10"]
[Round "3.3"]
[White "Paci, Oswald"]
[Black "Bazille, Reynald"]
[Result "0-1"]
[WhiteElo "1420"]
[BlackElo "1890"]
[PlyCount "44"]
[SourceDate "2006.10.14"]

1. d4 e6 2. Nf3 d5 3. e3 Nf6 4. Bd3 Be7 5. O-O O-O 6. c3 c5 7. Nbd2 Nc6 8. Re1
b6 9. e4 dxe4 10. Nxe4 cxd4 11. cxd4 Nxd4 12. Nxd4 Qxd4 {Diagramme #} 13. Rb1
$6 (13. Nxf6+ Bxf6 14. Qc2 Bb7 15. Bxh7+ Kh8 16. Be3 Qg4 $17) 13... Rd8 14. Be3
(14. Nxf6+ Bxf6 15. Bc2 Qxd1 16. Bxd1 Ba6 $17) 14... Qxd3 (14... Nxe4) 15. Qxd3
Rxd3 16. Nxf6+ Bxf6 17. Rbd1 Ba6 18. Rxd3 Bxd3 19. Bc1 Rd8 20. Rd1 Rc8 21. g3
Bb5 22. f3 Rc2 0-1

[Event "Régionale 1 - Piennes - EFE"]
[Site "?"]
[Date "2006.12.10"]
[Round "3.4"]
[White "Paturaux, Laurent"]
[Black "Krier, Jean-Luc"]
[Result "1-0"]
[WhiteElo "1880"]
[BlackElo "1499"]
[PlyCount "37"]
[SourceDate "2006.10.14"]

1. d4 d5 2. c4 Nf6 3. Nc3 dxc4 4. e3 Be6 5. Nf3 Nc6 6. Qa4 Qd7 7. Bxc4 g6 8.
O-O Bg7 9. e4 Bxc4 10. Qxc4 O-O-O 11. Be3 {Diagramme #} 11... Rhf8 $6 (11... e6
12. Rad1 Ng4 13. Bf4 h6 14. Nb5 $18) 12. b4 $6 (12. d5 Na5 13. Qd4 b6 14. b4
Nb7 15. Rac1 e6 16. Qc4 Ng4 17. Bg5 Bxc3 18. Bxd8 Rxd8 19. Rxc3 $18) 12... h5
$6 (12... Ng4 13. Rad1 Nxe3 14. fxe3 a6 $16) 13. Rac1 $6 (13. d5 Nxd5 (13...
Nb8 14. Nb5 Na6 15. Ne5 Qe8 16. Nxa7+ Kb8 17. Nec6+ Ka8 (17... bxc6 18. Nxc6+
Qxc6 19. dxc6 Rd5 20. Qxa6 Rb5 21. Qxb5+ Kc8 22. Qb7+ Kd8 23. Qb8#)) 14. exd5
Bxc3 15. dxc6 Qxc6 16. Qxc6 bxc6 17. Rab1 $18) 13... Ng4 14. d5 Nce5 15. Nxe5
Nxe5 16. Qe2 b6 $4 (16... a6 17. b5 Qd6 18. bxa6 Qxa6 $18) 17. Qa6+ (17. Nb5
Ng4 18. Nxa7+ Kb7 19. Bf4 Ne5 20. Nc6 Qd6 21. Nxd8+ Rxd8 $16) 17... Kb8 18. Nb5
{Diagramme #} 18... Ka8 $4 (18... c6 19. Rxc6 (19. dxc6 Nxc6 20. Rxc6 Qxc6 21.
Qxa7+ Kc8 22. Bf4 e5 23. Be3 Rd7 24. Bxb6 Rxa7 25. Nxa7+ Kb7 26. Nxc6 Kxc6 $18)
19... Nxc6 20. dxc6 Qxc6 21. Qxa7+ Kc8 22. Bxb6 Rd7 23. Qa6+ Qb7 24. Qa5 $18)
19. Qxa7# 1-0

[Event "Régionale 1 - Piennes - EFE"]
[Site "?"]
[Date "2006.12.10"]
[Round "3.5"]
[White "Maire, Christian"]
[Black "Becker, Pierre"]
[Result "0-1"]
[WhiteElo "1499"]
[BlackElo "1810"]
[PlyCount "46"]
[SourceDate "2006.10.14"]

1. e4 e5 2. Nf3 Nf6 3. Bc4 Nc6 4. d3 Be7 5. Ng5 O-O 6. Qf3 Nd4 (6... d5 7. exd5
Bg4 8. Qe3 Nd4 9. Qd2 Nxd5 10. O-O Nf4 11. Nxf7 Rxf7 12. Bxf7+ Kxf7 13. f3
Nxf3+ 14. gxf3 Bc5+ 15. Kh1 Bh3 $19) 7. Qh3 $6 (7. Qd1 d5 8. exd5 b5 9. Bb3
Nxb3 10. axb3 Qxd5 $17) 7... d5 {Diagramme #} 8. Bxd5 $4 (8. Qg3 dxc4 9. Kd1
Bg4+ 10. f3 Nxc2 11. fxg4 Nxa1 12. Nc3 Qxd3+ 13. Qxd3 cxd3 14. h3 Bb4 $19) 8...
Bxh3 9. O-O Bxg2 10. Kxg2 Nxd5 11. exd5 Bxg5 (11... Nxc2 $1 12. Nc3 Nxa1 13. f4
exf4 14. Nh3 Qd7 $19) 12. Bxg5 Qxg5+ 13. Kh3 Nxc2 $6 (13... f5 $1 14. Rg1 Qxg1
15. f3 Nxf3 16. Nd2 Qxh2#) 14. Nc3 Nxa1 15. Rxa1 Qf5+ 16. Kg2 Qxd3 17. Rd1 Qc2
18. b3 Qxc3 19. Rb1 f5 20. a4 Rf6 21. f3 Rg6+ 22. Kf2 Qc2+ {Diagramme #} (22...
Qd4+ 23. Ke2 (23. Kf1 Qe3 24. Re1 Rg1#) (23. Ke1 Rg2 24. Rc1 Qg1#) 23... Rg2+
24. Kf1 Qf2#) 23. Ke3 (23. Kf1 Qxh2 24. d6 Rg1#) 23... f4# 0-1

[Event "Régionale 1 - Piennes - EFE"]
[Site "?"]
[Date "2006.12.10"]
[Round "3.6"]
[White "Nolot, Philippe"]
[Black "Thisse, Remy"]
[Result "1-0"]
[WhiteElo "1800"]
[BlackElo "1299"]
[PlyCount "79"]
[SourceDate "2006.10.14"]

1. e4 e5 2. Nf3 Nc6 3. Bc4 Nf6 4. Ng5 d5 5. exd5 Bg4 6. f3 Bd7 $4 (6... Na5 7.
Qe2 Nxc4 8. Qxc4 Bf5 9. Nc3 Qd7 $14) 7. dxc6 Bxc6 8. Bxf7+ Ke7 9. Bb3 {
Diagramme #} 9... h6 $4 (9... Qd4 10. d3 Bd5 11. Qe2 Kd7 12. c3 Qh4+ 13. g3 Qh5
14. Bxd5 Nxd5 $18) 10. Nf7 Qd4 11. c3 $6 (11. Nxh8 Kd7 12. Ng6 Bc5 13. Qe2 e4
$18) 11... Qb6 $6 (11... Qh4+ 12. Kf1 Rh7 13. Nxe5 Be8 $18) 12. Nxh8 Be8 13.
Qe2 Nd5 14. Bxd5 Rd8 $6 (14... Qd6 15. Bxb7 Rb8 16. Qe4 g6 17. b3 c5 18. d4 Qf6
$18) 15. Qxe5+ Kd7 16. d4 Kc8 17. Qe6+ Qxe6+ 18. Bxe6+ Bd7 19. Bf7 Be7 20. Ng6
Bg5 21. Bxg5 hxg5 22. Kf2 {Diagramme #} 22... Bf5 $6 (22... Kb8 23. Re1 c6 24.
Re7 Bf5 25. Ne5 Rh8 26. Re8+ $18) 23. Ne7+ Kd7 24. Nxf5 Rf8 25. Bg6 Rf6 26. Bh7
g6 27. Nh6 g4 28. Nxg4 Rf7 29. Bxg6 Rg7 30. Ne5+ Kd8 31. Re1 Re7 32. Nf7+ Rxf7
33. Bxf7 Kc8 34. Na3 a6 35. Re8+ Kd7 36. Rae1 b6 37. R1e6 c6 38. R8e7+ (38.
R6e7+ Kd6 39. Nc4#) 38... Kd8 39. Rb7 (39. Ra7 a5 40. Re8#) 39... a5 $6 (39...
Kc8 40. Ree7 b5 41. Be6+ Kd8 42. Rec7 c5 43. Rc8#) 40. Re8# 1-0

[Event "Régionale 1 - Piennes - EFE"]
[Site "?"]
[Date "2006.12.10"]
[Round "3.7"]
[White "Krier, Estelle"]
[Black "Kuhlemeier, Laurent"]
[Result "0-1"]
[WhiteElo "1060"]
[BlackElo "1760"]
[PlyCount "22"]
[SourceDate "2006.10.14"]

1. e4 e6 2. Nf3 d5 3. Nc3 dxe4 4. Nxe4 Nc6 5. Bc4 Be7 6. O-O Nf6 7. Neg5 $6 (7.
d3 O-O 8. Bd2 a6 9. a4 $11) 7... h6 8. Nh3 g5 9. Nhxg5 $6 (9. Ne1 e5 10. Kh1
Bxh3 11. gxh3 $19) 9... hxg5 10. Nxg5 Qd6 {Diagramme #} 11. b3 $4 (11. h3 Nd4
12. c3 Qc6 13. d3 b5 14. cxd4 bxc4 $19) 11... Qxh2# 0-1

[Event "Régionale 1 - Piennes - EFE"]
[Site "?"]
[Date "2006.12.10"]
[Round "3.8"]
[White "Pierrot, Philippe"]
[Black "Pichot, Rodolphe"]
[Result "1-0"]
[WhiteElo "1710"]
[BlackElo "1099"]
[PlyCount "25"]
[SourceDate "2006.10.14"]

1. e4 e5 2. Nf3 Nf6 3. Nxe5 Nxe4 4. Qe2 Qe7 5. Qxe4 d6 6. d4 {Diagramme #} 6...
f6 $6 (6... f5 7. Qd5 c6 8. Qa5 Nd7 9. f4 dxe5 10. dxe5 Qe6 $16) 7. Nc3 dxe5 8.
dxe5 fxe5 9. Nd5 Qf7 $4 (9... Qd6 10. Bg5 h6 11. Bh4 $18) 10. Qxe5+ Kd8 $4 (
10... Be7 11. Nxc7+ Kf8 12. Nxa8 $18) 11. Bg5+ Kd7 12. Qxc7+ {Diagramme #}
12... Ke8 $4 (12... Ke6 13. Nf4+ Qxf4 14. Bc4+ Qxc4 15. Qxc4+ Kf5 16. Qf7+ Kg4
(16... Kxg5 17. h4+ Kh6 18. Qf4+ Kg6 19. h5#) 17. f3+ Kxg5 18. h4+ Kh6 19. Qf4+
Kg6 20. h5#) 13. Qxc8# 1-0

[Event "Régionale 1 - EFE - Bar-Le-Duc"]
[Site "?"]
[Date "2007.01.21"]
[Round "4.1"]
[White "Nolot, Vivien"]
[Black "Althuser, Jean-Michel"]
[Result "1-0"]
[WhiteElo "1975"]
[BlackElo "1850"]
[PlyCount "95"]
[SourceDate "2006.10.14"]

1. e4 c5 2. Nf3 Nc6 3. d4 cxd4 4. Nxd4 g6 5. Nc3 Bg7 6. Be3 a6 7. Qd2 (7. Nd5
Be5 8. f4 Bc7 9. Qd2 Nf6 10. Nxf6+ exf6 11. Bc4 $18) 7... d6 8. Nd5 Rb8 $6 (
8... Kf8 9. Be2 Nf6 10. Nxf6 Bxf6 $16) 9. Bxa6 $1 {Diagramme #} 9... e6 $6 (
9... e5 10. Nxc6 bxc6 11. Nb4 Rxb4 12. Qxb4 Bxa6 $16) 10. Bb5 Bd7 11. Nb4 Nge7
12. c3 (12. O-O O-O 13. Bc4 Na5 14. Be2 f5 15. exf5 $18) 12... O-O 13. Nbxc6
bxc6 14. Bc4 c5 15. Nb3 Bc6 16. f3 {Diagramme #} 16... Qc7 $6 (16... d5 17.
exd5 Nxd5 18. Bg5 Qb6 19. O-O $16) 17. O-O Rfd8 (17... Be5 18. Be2 Rfd8 19. Bf4
Ba4 20. Bg5 $16) 18. Qf2 (18. Bf4 e5 19. Bg5 d5 20. exd5 Bxd5 21. Qd3 Qa7 22.
Qe2 $18) 18... Ba4 $6 (18... Be5 19. Be2 h5 20. Bd3 f5 $16) 19. Nc1 (19. Rfe1
h6 20. Rab1 Nc6 21. f4 Bxb3 22. Bxb3 $16) 19... d5 20. exd5 exd5 21. Bb3 Bb5
22. Re1 d4 23. cxd4 cxd4 24. Bg5 d3 $4 (24... Re8 25. Qd2 Nc6 26. Nd3 Bxd3 27.
Rxe8+ Rxe8 28. Qxd3 $16) 25. Rxe7 d2 $6 (25... Qxe7 26. Bxe7 Bd4 27. Bxd8 Bxf2+
28. Kxf2 Rxd8 $18) 26. Ne2 {Diagramme #} 26... Bxe2 $4 (26... Qc6 27. Bxf7+ Kf8
28. Bb3 Bc4 29. Rxg7 Bxb3 30. Nd4 Kxg7 31. axb3 Qd6 32. Bxd2 Ra8 33. Re1 Re8
34. Bc3 $18) 27. Qxe2 $4 (27. Rxc7 d1=Q+ 28. Rxd1 Rxd1+ 29. Bxd1 Bxd1 30. Rxf7
Kxf7 31. Qa7+ Ke6 32. Qxb8 $18) 27... Qc5+ $14 28. Qe3 Bd4 $4 (28... d1=Q+ 29.
Rxd1 Rxd1+ 30. Bxd1 Bd4 31. Re4 Bxe3+ 32. Bxe3 Qa5 $15) 29. Bxf7+ Kh8 (29...
Kg7 $6 30. Bd5+ Kh8 31. Bf6+ Bxf6 32. Qxc5 Rg8 33. Bxg8 Kxg8 $18) 30. Kh1 Be5
31. Qxc5 d1=Q+ 32. Rxd1 (32. Qg1 Qd4 33. Qe1 Bf6 34. Re4 Qxb2 35. Rb1 Qc3 36.
Rxb8 Qxe1+ 37. Rxe1 $18) 32... Rxd1+ 33. Qg1 Rxg1+ 34. Kxg1 Bd4+ 35. Be3 Bxb2 {
Diagramme #} 36. Re8+ (36. Rd7 Rb5 37. Bd5 Bc3 38. Bg5 h5 $18) 36... Rxe8 37.
Bxe8 Kg7 38. Bg5 h6 39. Be7 Bd4+ 40. Kf1 g5 41. a4 Bc3 42. Ke2 h5 43. g4 Kh6
44. Kd3 Be5 45. h3 Bb8 46. Kc4 Ba7 47. Kb5 h4 48. Ka6 1-0